Les 20 skins les plus utilisés de Fortnite - Statistiques

Statistiques générales
  • Ce quiz a été pris 520 fois
  • Le résultat moyen est 2 sur 20
Statistiques - réponses
Numéro Skins Pourcentages d'utilisations Nombres d'utilisations % Correct
Numéro 1 Veinarde 3,781 % 11,8 M
80%
Numéro 8 Sirene 1,824 % 5,7 M
27%
Numéro 4 Focus 3,418 % 10,7 M
25%
Numéro 2 Sorcière Surfeuse 3,682 % 11,5 M
20%
Numéro 6 Lara Croft 2,841 % 8,9 M
11%
Numéro 10 Echo 1,536 % 4,8 M
9%
Numéro 18 Cor 0,857 % 2,7 M
8%
Numéro 3 Contrecoup 3,47 % 10,8 M
3%
Numéro 17 Kuno 0,89 % 2,8 M
3%
Numéro 13 Reaccon Expert 1,11 % 3,5 M
3%
Numéro 5 Joltara 3,183 % 9,9 M
2%
Numéro 7 Polarity 2,433 % 7,6 M
2%
Numéro 19 Evie 0,813 % 2,7 M
1%
Numéro 9 Par Patroller 1,547 % 4,8 M
1%
Numéro 12 Poised Playmaker 1,111 % 3,5 M
1%
Numéro 11 Scarlet Commander 1,311 % 4,1 M
1%
Numéro 16 Sparkplug 0,893 % 2,8 M
1%
Numéro 15 Tigeress 0,943 % 2,9 M
1%
Numéro 14 Zadie 0,947 % 3 M
1%
Numéro 20 Manic 0,81 % 2,5 M
0%
Aucun quiz correspondant
Distribution des résultats
% des personnes avec chaque résultat
Percentile par nombre de réponses
Votre historique - résultats
Vous n’avez pas pris ce quiz